Second City TV Cast Quiz Stats

 Plays Quiz Updated Mar 30, 2020

     
Support Sporcle.
Go Orange.
Score 0/11 Timer 06:00
0 Plays Today
Years Appearing Cast Member % Correct
1976-1979John Candy
88.2%
1980-1981Rick Moranis
70.2%
1976-1981Eugene Levy
68.5%
1976-1981Dave Thomas
56.3%
1976-1981Andrea Martin
54%
1976-1979Catherine O'Hara
53.4%
1980-1981Martin Short
46.5%
1976-1981Joe Flaherty
38.5%
1976-1978Harold Ramis
26.1%
1976-1981Robin Duke
13%
1977-1981Tony Rosato
11.2%

From the Vault

10 Largest African Countries in Order

by gabrielhippo

Geography 2.5m
Luckily we're ignoring the 44 smallest ones.
Remove Ads.
Support Sporcle.
Get the best of Sporcle when you Go Orange. This ad-free experience offers more features, more stats, and more fun while also helping to support Sporcle. Thank you for becoming a member.

Show Comments

Extras

Top Quizzes Today


Score Distribution

Your Account Isn't Verified!

In order to create a playlist on Sporcle, you need to verify the email address you used during registration. Go to your Sporcle Settings to finish the process.

Report this User

Report this user for behavior that violates our Community Guidelines.

Details: